| 000 | 01811nam a2200553 i 4500 | ||
|---|---|---|---|
| 001 | 41756 | ||
| 003 | KOSZ 005 | ||
| 005 | 20220603150644.0 | ||
| 008 | 020822s2002 pl |000 0 pol | ||
| 015 | _aUWD 2002/14271 | ||
| 020 | _a8388840207 | ||
| 035 | _a991019218759705066 | ||
| 035 | _a(PL-WaBN)b15206257-48omnis_nlop | ||
| 035 | _ab15206257 | ||
| 035 | _a(OCoLC)749306496 | ||
| 035 | _a(PL)b0000001520625 | ||
| 035 | _a(EXLNZ-48OMNIS_NETWORK)9910475546705606 | ||
| 040 |
_aWA N _cWA N _dKOSZ 005/HR |
||
| 041 | 0 |
_apol _beng |
|
| 046 | _k2002 | ||
| 080 | _a332.7 | ||
| 080 | _a347.2(438) | ||
| 080 | _a347.732(438) | ||
| 080 | _a(07) | ||
| 245 | 0 | 0 |
_aPośrednik na rynku nieruchomości : _bpraca zbiorowa / _cpod red. Zbigniewa Brzezińskiego ; aut. Zbigniew Brzeziński [et al.]. |
| 260 |
_aWarszawa : _b"Poltext", _c2002. |
||
| 300 |
_a199 s. ; _c24 cm. |
||
| 336 |
_aTekst _btxt _2rdacontent |
||
| 337 |
_aBez urządzenia pośredniczącego _bn _2rdamedia |
||
| 338 |
_aWolumin _bnc _2rdacarrier |
||
| 380 | _aKsiążki | ||
| 388 | _a2001- | ||
| 490 | 1 | _aNieruchomości | |
| 504 | _aBibliogr. | ||
| 546 | _aStreszcz. ang. | ||
| 650 | 7 |
_aNieruchomości _2DBN |
|
| 650 | 7 | _aPośrednicy w obrocie nieruchomościami | |
| 650 | 7 |
_aRynek nieruchomości _2DBN |
|
| 650 | 7 | _aPrawo obrotu nieruchomościami | |
| 655 | 7 |
_aPodręcznik _2DBN |
|
| 655 | 7 | _aPraca zbiorowa | |
| 658 | _aGospodarka, ekonomia, finanse | ||
| 700 | 1 |
_aBrzeziński, Zbigniew _eAutor _eRedakcja |
|
| 710 | 2 |
_aWydawnictwo Poltext _4pbl |
|
| 830 | 0 | _aNieruchomości - Poltext | |
| 856 |
_uhttp://koha.tu.koszalin.pl/cgi-bin/koha/opac-detail.pl?biblionumber=41756 _yKatalog online BPK |
||
| 942 |
_2UKD _cKS |
||
| 999 |
_c41756 _d41756 |
||